RTI and Modern Journalism/ (Record no. 186039)

MARC details
000 -LEADER
fixed length control field 00595nam a22001817a 4500
005 - DATE AND TIME OF LATEST TRANSACTION
control field 20220214105959.0
010 ## - LCCN (DPL NO)
LC control number ENG-131559
020 ## - INTERNATIONAL STANDARD BOOK NUMBER
International Standard Book Number 9788192997445
Terms of availability 950.00
035 ## - SYSTEM CONTROL NUMBER
System control number EN-115091
037 ## - SOURCE OF ACQUISITION
Source of stock number/acquisition DBAD
082 ## - DEWEY DECIMAL CLASSIFICATION NUMBER
Classification number 342.540853
100 ## - MAIN ENTRY--PERSONAL NAME
Personal name Mishra, Saroj Kr.
245 ## - TITLE STATEMENT
Title RTI and Modern Journalism/
Statement of responsibility, etc Saroj Kr. Mishra
260 ## - PUBLICATION, DISTRIBUTION, ETC. (IMPRINT)
Place of publication, distribution, etc Noida
Name of publisher, distributor, etc Disha International Publishing House
Date of publication, distribution, etc 2018
270 ## - ADDRESS
Address 88, Bhunna Taga P.S. Rabapura,
City Noida
Postal code 203209
Electronic mail address dishainterntionalpublishing@gmail.com
300 ## - PHYSICAL DESCRIPTION
Extent vii, 260p.
Other physical details Index
Dimensions 22cm(hbk)
942 ## - ADDED ENTRY ELEMENTS (KOHA)
Source of classification or shelving scheme Dewey Decimal Classification
Item type English Books
Classification part 342.540853
Call number suffix MIS
Holdings
Withdrawn status Lost status Not for loan Collection code Home library Current library Date acquired Source of acquisition Cost, normal purchase price Full call number Barcode Copy number Cost, replacement price Koha item type
      Non-fiction Bawana Bawana 14/02/2022 DBAD/PUB 950.00 342.540853 MIS EN-115091 1 950.00 English Books

© Delhi Public Library
Hit Counter
free hit counter